Súčasné podmienky rozvoja cestovného ruchu v regióne Zemplín

Gespeichert in:
Bibliographische Detailangaben
1. Verfasser: Mihalčová, Bohuslava, 1963-
Weitere Verfasser: Gallík, Ján
Format: Buchkapitel
Sprache:Slowakisch
Tags: Tag hinzufügen
Keine Tags, Fügen Sie das erste Tag hinzu!

MARC

LEADER 00000naa$a2200000$$$4500
001 0205454
005 20240502073425.5
041 0 |a slo 
044 |a SK 
245 1 0 |a Súčasné podmienky rozvoja cestovného ruchu v regióne Zemplín  |c Bohuslava Mihalčová, Ján Gallík 
100 1 |a Mihalčová, Bohuslava, 1963- 
700 1 |a Gallík, Ján